Die am meisten verkauften Bücher der Welt - Statistiken

Allgemein
  • Dieses Quiz wurde 300 mal gespielt
  • Das Durchschnittsergebnis liegt bei 4 aus 20
Antwortstatistiken
Nummer Autor Anzahl Buch % Korrekt
1 Mehrere Autoren 5 Mrd. Die Bibel
95%
8 John R. R. Tolkien 150 Mio. Der Herr der Ringe
75%
3 Mohammed 800 Mio. Der Koran
73%
9 Joanne K. Rowling 120 Mio. Harry Potter und der Stein der Weisen
43%
7 Antoine de Saint-Exupéry 200 Mio. Der kleine Prinz
42%
4 Miguel del Cervantes 500 Mio. Don Quijote
15%
4 Karl Marx, Friedrich Engels 500 Mio. Manifest der Kommunistischen Partei
8%
10 Michail Bulgakow 100 Mio. Der Meister und Margarita
3%
2 Mao Tse-tung 800 Mio. - 1 Mrd. Worte des Vorsitzenden Mao Tse-tung
3%
9 Joseph Smith 120 Mio. Buch Mormon
2%
8 Robert Baden-Powell 150 Mio. Das Pfadfinderbuch
2%
7 Charles Dickens 200 Mio. Eine Geschichte aus zwei Städten
2%
6 Mao Tse-Tung 252 Mio. Ausgewählte Werke
1%
10 Agatha Christie 100 Mio. Und dann gabs keines mehr
1%
10 Napoleon Hill 100 Mio. Denke nach und werde reich
0%
10 John R. R. Tolkien 100 Mio. Der Hobbit oder Hin und zurück
0%
10 Cao Xueqin 100 Mio. Der Traum der Roten Kammer
0%
5 Mao Tse-tung 400 Mio. Gedichte des Vorsitzenden Mao
0%
10 Jiang Zemin 100 Mio. Über das Dreifache Vertreten
0%
5 Wei Jiangong 400 Mio. Xinhua Zidian
0%
Keine übereinstimmenden Quizze gefunden
Verteilung der Resultate
Anzahl Personen mit jedem Resultat
Perzentil nach korrekt beantworteten Fragen
Ihre Resultats-Entwicklung
Sie haben dieses Quiz noch nicht gespielt